| 000 | 00730nam a22001937a 4500 | ||
|---|---|---|---|
| 003 | NUST - PNEC | ||
| 005 | 20170116181206.0 | ||
| 008 | 161122b xxu||||| |||| 00| 0 eng d | ||
| 020 | _a9780470498989 | ||
| 040 | _cPNEC | ||
| 082 |
_22011 _a649.68 DEN |
||
| 100 |
_916866 _a Densmore, Ann E |
||
| 245 |
_aYour successful preschooler _bTen skills children need to become confident and socially engaged _c Ann E. Densmore |
||
| 260 |
_aSan Francisco _bJossey-Bass _cc.2011 |
||
| 300 |
_a270p: _bill _c23 cm |
||
| 500 | _ahttps://www.amazon.com/Your-Successful-Preschooler-Children-Confident/dp/0470498986/ref=sr_1_1?ie=UTF8&qid=1479794025&sr=8-1&keywords=9780470498989 | ||
| 650 | _xSocial skills in children | ||
| 942 |
_2ddc _cBK |
||
| 999 |
_c71658 _d71658 |
||